Top 50 Greatest Rap Songs - Statistics

General Stats
  • This quiz has been taken 58 times
  • The average score is 17 of 50
Answer Stats
Rank Song Artist % Correct
10 In Da Club 50 Cent
72%
1 Lose Yourself Eminem
72%
6 Still D.R.E. Dr. Dre ft. Snoop Dogg
62%
8 HUMBLE. Kendrick Lamar
60%
30 Stan Eminem ft. Dido
60%
24 Goosebumps Travis Scott ft. Kendrick Lamar
55%
4 California Love 2Pac ft. Dr. Dre and Roger Troutman
51%
7 Empire State of Mind Jay-Z ft. Alicia Keys
51%
37 Gangsta's Paradise Coolio ft. L.V.
51%
34 Gold Digger Kanye West ft. Jamie Foxx
51%
13 The Real Slim Shady Eminem
51%
14 God’s Plan Drake
49%
33 Runaway Kanye West ft. Pusha T
47%
28 Ms. Jackson OutKast
45%
18 Rockstar Post Malone ft. 21 Savage
45%
46 Rockstar DaBaby ft. Roddy Ricch
45%
9 Sicko Mode Travis Scott
45%
20 All the Stars Kendrick Lamar and SZA
43%
5 C.R.E.A.M. Wu-Tang Clan
43%
2 Juicy The Notorious B.I.G.
43%
45 The Box Roddy Ricch
43%
19 Lucid Dreams Juice WRLD
40%
22 Hotline Bling Drake
38%
16 Mask Off Future
38%
21 Rap God Eminem
38%
44 Ransom Lil Tecca
34%
12 Straight Outta Compton N.W.A
34%
32 Stronger Kanye West
34%
48 Dior Pop Smoke
32%
38 Alright Kendrick Lamar
30%
39 DNA. Kendrick Lamar
30%
40 Money Trees Kendrick Lamar ft. Jay Rock
28%
31 Power Kanye West
26%
23 Praise the Lord (Da Shine) A$AP Rocky ft. Skepta
26%
29 Hate It or Love It The Game ft. 50 Cent
23%
35 Mo Money Mo Problems The Notorious B.I.G. ft. Puff Daddy and Mase
21%
3 Nuthin' but a 'G' Thang Dr. Dre ft. Snoop Dogg
21%
25 X Gon' Give It to Ya DMX
21%
17 Bad and Boujee Migos ft. Lil Uzi Vert
19%
42 Look at Me! XXXTENTACION
17%
41 Bodak Yellow Cardi B
15%
11 Fight the Power Public Enemy
15%
36 Shook Ones Pt. II Mobb Deep
15%
47 Suge DaBaby
15%
50 Life Is Good Future ft. Drake
13%
27 Big Pimpin' Jay-Z ft. UGK
11%
15 Started From the Bottom Drake
11%
26 Lose Control Missy Elliott ft. Ciara & Fat Man Scoop
6%
43 XO Tour Llif3 Lil Uzi Vert
6%
49 Welcome to the Party Pop Smoke
0%
No matching quizzes found
Score Distribution
Percent of People with Each Score
Percentile by Number Answered
Your Score History
You have not taken this quiz